000 00621nam a2200205 i 4500
001 115510
003 ES-MaACL
005 20251015063116.0
007 t|
008 070314s1916 ag ||||1| spa d
100 1 _aAlberdi, Juan Bautista,
_d1810-1884
_919271
245 1 0 _aLuz del día en América /
_cpor J.B. Alberdi.
260 _aBuenos Aires :
_bLibrería "La Facultad",
_c1916.
300 _a309 p. ;
_c19 cm.
490 1 _aBiblioteca argentina ;
_v9
500 _aFotografía del Autor.
830 0 _aBiblioteca argentina ;
_v9
_9186252
852 _aES-MaACL
_jG-1063
999 _c115510
_d115510